000 03383nam a2200289Ia 4500
005 20140925142439.0
008 130821s1921 fr a fr 1 0 fre d
040 _aCo-BoUCM
_bspa
_cSandra Yazo
_dSandra Yazo
041 0 _afre
082 0 4 _a840
_220
092 _aE32N018
100 1 _aFaguet, Émile
_d1847-1916
_963781
242 0 0 _aHistoria de la literatura francesa.
_bIlustrada con manuscritos y reproducciones conservados en la Biblioteca Nacional. Complementada con un cuadro analítico de materias, elaborado por Leonardo Dorez.
_cEmilio Faguet
_pTomo I. Desde los orígenes hasta finales del siglo XVI.
_pTomo II. Desde el siglo XVII hasta nuestros días.
_yspa
245 1 0 _aHistoire de la littérature française.
_bIllustrée d’après les manuscrits et les estampes conservés à la Bibliothèque nationale et complétée par une table analytique des matières dresée par Léonard Dorez.
_cÉmile Faguet
_pTome I. Depuis les origines jusq’à la fin du XVI siècle.
_pTome II. Depuis le XVII siècle jusq’à nos jours.
250 _aVingt-Septième éditio [Vigésimo-séptima edición]
260 _aParís (Francia)
_bE. Plon, Nourrit et Cie, imprimeurs-Éditeurs [E. Plon, Nourrit y Compañía, impresores-editores]
_c1921
300 _a2 volúmenes (481 ; 475 páginas)
_bilustraciones
_c20 x 14 cm.
500 _aDetalles físicos: Encuadernación rígida (holandesa) en cartón duro forrado en papel; deterioro en bordes y esquinas. Lomo en cuero, nervaduras sobre costura, repujados, adornos en dorado. Guardas. Anteportada. Portada impresa en una sola tinta con diversos tipos y tamaños de letras, un grabado. Texto impreso en una sola columna, ilustraciones en blanco y negro entre el texto.
505 0 _aV.1: Primera parte: La Edad Media: Orígenes de la literatura francesa ; Cantares de Gesta ; La poesía lírica ("d'Oc" y "d'Oil") ; La poesía popular ; Renart ; La poesía alegórica ; El teatro ; La erudición medieval ; La filosofía ; La enseñanza -- Segunda parte: El siglo XIV ; Poesía lírica ; Poesía narrativa ; Poesía dramática ; La historia ; Ciencias morales y políticas -- Tercera parte: El siglo XV ; Poesía lírica y elegíaca ; Teatro ; Historia ; Novelas ; Los moralistas -- Cuarta parte: El siglo XVI ; Historia ; Filósofos ; Moralistas ; Oradores ; Publicistas ; Sabios ; Eruditos ; Los poetas: de 1500 a 1610 ; La Pléyade ; Ronsard ; El teatro.
505 0 _aV.2: Quinta parte: El siglo XVII ; Los poetas ; El teatro hasta Corneille ; Los prosistas ; Los filósofos del siglo XVII ; Novelistas ; Moralistas -- Sexta parte: El siglo XVIII ; Continuidad y reacción ; El renacer literario: novela y teatro ; Rousseau ; Voltaire y su escuela ; Sabios y eruditos ; El siglo XVIII antes de la Revolución francesa ; La literatura en el período revolucionario -- Séptima parte: El siglo XIX ; Primeros románticos ; Segundo período romántico ; Los clásicos ; Literatura política y filosófica ; Historia y crítica ; Oradores y polemistas ; Literatura dramática ; Literatura novelesca ; Historiadores, críticos y publicistas.
506 _aConsulta en sala
546 _aTextos en francés
650 7 _aLiteratura francesa
_xCrítica e interpretación, etc.
_97794
650 7 _aLiteratura francesa
_xHistoria
_97794
690 _942863
_aLiteratura europea
942 _cLIBRO
_a18
_e1
_2LOCAL
_hE32N018
999 _c296640
_d296640